Hindī kī vartanī tathā śabda-viśleshaṇa : (Record no. 83870)

MARC details
000 -LEADER
fixed length control field 00789cam a2200229 a 4500
001 - CONTROL NUMBER
control field sa 68011405
003 - CONTROL NUMBER IDENTIFIER
control field DLC
005 - DATE AND TIME OF LATEST TRANSACTION
control field 20260227112559.0
008 - FIXED-LENGTH DATA ELEMENTS--GENERAL INFORMATION
fixed length control field 900202s1968 ii 000 0 hino
010 ## - LIBRARY OF CONGRESS CONTROL NUMBER
LC control number sa 68011405
025 ## - OVERSEAS ACQUISITION NUMBER
Overseas acquisition number PL480:I-H-5882
035 ## - SYSTEM CONTROL NUMBER
System control number (OCoLC)20989338
040 ## - CATALOGING SOURCE
Original cataloging agency DLC
Transcribing agency DLC
050 00 - LIBRARY OF CONGRESS CALL NUMBER
Classification number PK1939
Item number .V25 1968
100 1# - MAIN ENTRY--PERSONAL NAME
Personal name Vajpeyi, Kishoridas.
245 10 - TITLE STATEMENT
Title Hindī kī vartanī tathā śabda-viśleshaṇa :
Remainder of title bhāshā kī prakr̥ti, vyākaraṇa evaṃ bhāshā-vijñāna ke ādhāra para Hindī vartanī ke svarūpa kā vicecana /
Statement of responsibility, etc. Kiśorīdāsa Vājapeyī.
250 ## - EDITION STATEMENT
Edition statement 1. saṃskaraṇa.
260 ## - PUBLICATION, DISTRIBUTION, ETC.
Place of publication, distribution, etc. Naī Dillī :
Name of publisher, distributor, etc. Rājadhānī Granthāgāra,
Date of publication, distribution, etc. 1968.
300 ## - PHYSICAL DESCRIPTION
Extent 4, 127 p. ;
Dimensions 18 cm.
546 ## - LANGUAGE NOTE
Language note In Hindi.
650 #0 - SUBJECT ADDED ENTRY--TOPICAL TERM
Topical term or geographic name entry element Hindi language
General subdivision Etymology.

No items available.

Powered by Koha